Normal view
MARC view
- Khalid Sheikh
Entry Personal Name
001 - CONTROL NUMBER
- control field: 73661
003 - CONTROL NUMBER IDENTIFIER
- control field: NUST
005 - DATE AND TIME OF LATEST TRANSACTION
- control field: 20210628205044.0
008 - FIXED-LENGTH DATA ELEMENTS
- fixed length control field: 210628|| aca||aabn | a|a d
040 ## - CATALOGING SOURCE
- Original cataloging agency: NUST
- Transcribing agency: NUST
100 ## - HEADING--PERSONAL NAME
- Personal name: Khalid Sheikh
670 ## - SOURCE DATA FOUND
- Source citation: Work cat.: (NUST): Khalid Sheikh, Manufacturing resource planning (mrp ii);with introduction to erp, scm, and crm, 2001
